000 00586nam a2200205Ia 4500
008 140626s9999 xx 000 0 und d
100 _aGeorge, Cherian.
245 _aShiela Coronel on investigative journalism :
_b oppurtunities and obstacles /
_cCherian George.
260 _cc2013.
300 _a40 : 2, page 105
440 _aMedia Asia
521 _aMC
650 _aCommunication.
650 _aInvestigation strategy.
650 _aInvestigative journalism.
650 _aJournalism.
650 _aShiela Coronel.
650 _aUndercover techniques.
942 _cSE
999 _c121192
_d121192